000 00202nam a2200085Ia 4500
008 211105s9999 xx 000 0 und d
020 _a"
100 _a BERRY, C.
_9121369
245 0 _aVoice and the actor
999 _c584536
_d584535